A hundred years of archaeology / (Record no. 23482)

MARC details
000 -LEADER
fixed length control field 00788cam a22002771 4500
001 - CONTROL NUMBER
control field 8830310
003 - CONTROL NUMBER IDENTIFIER
control field BDDh-ASL
005 - DATE AND TIME OF LATEST TRANSACTION
control field 20231015030240.0
008 - FIXED-LENGTH DATA ELEMENTS--GENERAL INFORMATION
fixed length control field 790108s19521950enkab b 000 0 eng
010 ## - LIBRARY OF CONGRESS CONTROL NUMBER
LC control number 50003526
015 ## - NATIONAL BIBLIOGRAPHY NUMBER
National bibliography number GB50-1412
035 ## - SYSTEM CONTROL NUMBER
System control number (OCoLC)4531416
040 ## - CATALOGING SOURCE
Original cataloging agency DLC
Transcribing agency MiRochOU
Modifying agency Uk
-- DLC
-- BDDh-ASL
042 ## - AUTHENTICATION CODE
Authentication code premarc
050 00 - LIBRARY OF CONGRESS CALL NUMBER
Classification number GN720
Item number .D3
082 ## - DEWEY DECIMAL CLASSIFICATION NUMBER
Classification number 930.1
Item number DAH
100 1# - MAIN ENTRY--PERSONAL NAME
Personal name Daniel, Glyn,
Dates associated with a name 1914-1986.
245 12 - TITLE STATEMENT
Title A hundred years of archaeology /
260 ## - PUBLICATION, DISTRIBUTION, ETC.
Place of publication, distribution, etc. London:
Name of publisher, distributor, etc. Duckworth,
Date of publication, distribution, etc. [1950]
-- 1952.
300 ## - PHYSICAL DESCRIPTION
Extent 343 p. :
Other physical details illus., maps.
Dimensions 22 cm.
440 #4 - SERIES STATEMENT/ADDED ENTRY--TITLE
Title The Hundred years series
504 ## - BIBLIOGRAPHY, ETC. NOTE
Bibliography, etc. note Bibliography: p. 337-341.
650 #0 - SUBJECT ADDED ENTRY--TOPICAL TERM
Topical term or geographic name entry element Archaeology
General subdivision History.
906 ## - LOCAL DATA ELEMENT F, LDF (RLIN)
a 7
b cbc
c oclcrpl
d u
e ncip
f 19
g y-gencatlg
942 ## - ADDED ENTRY ELEMENTS (KOHA)
Source of classification or shelving scheme Dewey Decimal Classification
Koha item type Books
Holdings
Withdrawn status Lost status Source of classification or shelving scheme Damaged status Not for loan Collection code Home library Current library Shelving location Date acquired Source of acquisition Total Checkouts Full call number Barcode Date last seen Copy number Price effective from Koha item type Public note
    Dewey Decimal Classification Damaged Not For Loan Non-fiction Asiatic Society Library Asiatic Society Library General Stacks 03/26/2021 ASB Library Collections   930.1 DAH 107926 03/26/2021 C-1 03/26/2021 Books RARE

Powered by Koha